Normal view
MARC view
- Adıyaman, İbrahim,
Entry Personal Name
001 - CONTROL NUMBER
- control field: 151002
003 - CONTROL NUMBER IDENTIFIER
- control field: TR-AnTOB
005 - DATE AND TIME OF LATEST TRANSACTION
- control field: 20251128090639.0
008 - FIXED-LENGTH DATA ELEMENTS
- fixed length control field: 251128n|eazannaab| |n aaa d
040 ## - CATALOGING SOURCE
- Original cataloging agency: TR-AnTOB
- Transcribing agency: TR-AnTOB
100 1# - HEADING--PERSONAL NAME
- Personal name: Adıyaman, İbrahim,
- Dates associated with a name: 1992-



